MDQL
is popping MORE tags! Check the
thread
!
Quizzes
Events
Quiz Creation
Community
Videos
Private Events
Remove Ads
Sign In
Join for FREE
Feedback
Dark Mode
Quiz Categories
Sports
Geography
Music
Movies
Television
Just For Fun
Miscellaneous
History
Literature
Language
Science
Gaming
Entertainment
Religion
Holiday
For Kids
Quiz Lab
Recent
Popular Today
Quiz Kudos Today
Editor Picks
Curator Picks
Quizzes by...
Day
Popularity
Type
Ratings
Length
Year
Community
Subscriptions
Recent Discussions
Orange Saloon
Badges
Playlists
Quests
Create
Leaderboards
Showdown
Live 5
Trivia Bingo
Activity
Puzzle Library
Sporcle Events
Private Events
Virtual Trivia
Globe League
Become a Host
Pub Owners
SporcleCon
Opinionation
Our Games
Videos
Blog
Mobile Apps
Partnerships
Remove Ads and Go Orange
Feedback
Television
TV Characters
TV Show
Sitcom
Network
Friends
Reality Shows
Cast
South Park
Star Trek
The Simpsons
Doctor Who
Television
TV Characters
TV Show
Sitcom
Network
Friends
Reality Shows
Cast
South Park
Star Trek
The Simpsons
Doctor Who
Random Quiz
Search Sporcle
×
Quiz Lab
Quiz Lab
Television
Song
Type in answers that appear in a list
Type in answers that appear in a list
Classic
Best Score? Go Orange.
Barney's Suit Song from HIMYM Stats
Can you name the lyrics to Barney's Suit Song from HIMYM?
By
tkegameboy
8m
31 Questions
386 Plays
386 Plays
386 Plays
Comments
Comments
Give Quiz Kudos
Give Quiz Kudos
-
- Ratings
hide this ad
More Info
Forced Order
Answers have to be entered in order
Answers have to be entered in order
Replay
Link that replays current quiz
Next Quiz
Link to next quiz in quiz playlist
You Got
0%
They Got
Avg Score
48%
Avg Friend Score
Upgrade to see
Score Distribution
Jump to the score distribution portion of the page
Score
0/31
Timer
08:00
0
Plays Today
Lyric
Answer
% Correct
That girl was
smoking hot
89.6%
I know what you're thinking
What's Barney been drinking?
85.8%
(Song Title)
Nothing suits me like a suit
82.9%
'Cuz there's one thing
she is not
77.5%
To score a ten would be just fine
But I'd rather be dressed to the nines
72.8%
(Previous lyric's answer)
Suits
65.5%
Oh really? Then answer these questions
If you please
63.7%
(Previous lyric's answer)
Suits
62.4%
Yes I coulda nailed her
But no it's not a failure
58.5%
That '80s dude in mutton chops
That baby with a lollipop
58.5%
I want to give
Them a squeeze
58.3%
The perfect way to snare
A girl with daddy issues
58%
Picture a world where all the girls and boys
Are impeccably well dressed
55.4%
That delivery guy in the jacket and tie
That puppy in the double breast
53.9%
What would you do if you had to choose
Between your suits and a pot of gold?
48.7%
Two!
Three! Four!
48.2%
Lyric
Answer
% Correct
Girls will go and girls will come
But there's only one absolute
43.5%
In navy blue or black
Check out this perfect rack
43%
(Previous lyric's answer)
Its moot
41.7%
Like a ... wait for it ...
Suit!
41.7%
That lady cop who's kinda cute
Nothing suits 'em like a suit
40.9%
What would you pick
One million chicks or a single three piece suit?
38.6%
Send casual Friday
Down the laundry chute
37.3%
I'm sorry suits lets make amends
My Sunday best are my best friends
30.8%
What would you say if you gave it all away
And in return you would never grow old?
27.2%
Wingman I can wear
They're oh so debonair
26.2%
Its suits. C'mon Lilly
Get your head outta your ass
24.6%
Every bro on the go needs to know
That there's no accepted substitute
21.8%
Then again,
She is pretty hot
21.8%
What if world peace were within your reach? (Abbadabada)
I'm going to stop you right there
21.2%
'Cuz nothing suits the undisputed
Oft-saluted sailor of repute
1.8%
Quiz Playlist
Details
Report
Send in Message
Add To Playlist
More Info:
Can you name the lyrics to the song "Nothing Suits Me Like A Suit" from the 100th episode of how I met your mother?
Classic:
Type in answers that appear in a list
Forced Order:
Answers have to be entered in order
Quiz Source
Last Updated: Apr 26, 2017
Quiz Scoreboard
CHALLENGE
Sign Up to Join the Scoreboard
Show All
Scores
Hide
Comments
May contain spoilers
Recently Published
Colored Red Africa Blitz
by spor1
Geography
30s
Find the 'City' Movie
by crazypaving
Movies
60s
5x2 Blitz: Bands
by SL_Kpop136
Music
30s
More to Explore
Quiz From the Vault
Featured Blog Post
14 Easter Pick-up Lines to Find Eggs With
hide this ad
You Might Also Like...
Tags
Lyrics Quiz
Song Quiz
Barney
HIMYM
suit
Today's Top Quizzes in Television
Browse Television
hide this ad
Today's Top Quizzes in Song
Browse Song
Top Contributed Quizzes in Television
1
Survivor Journey Challenge
2
Brooklyn Nine Nine Logic Puzzle (How-To-Play)
3
Phoebe Buffay Quotes
4
Survivor Trivia
5
Total Drama Characters
6
Survivor Logic Puzzle: Heroes vs. Villains
7
One Tree Hill Logic Puzzle
8
Survivor Heroes vs. Villains Logic Puzzle
9
All US Survivor Seasons in Order
10
Adjectives in 00s TV Shows
Explore More
Trending Topics
Crossword
Kpop
Marvel
Disney
Anime
Harry Potter
NBA
Song
The Office
Soccer
WWE
Puzzle
NFL
Country
Pokémon
hide this ad
More By:
tkegameboy
Quiz
Plays
Rating
Category
Featured
Created
Barney's Suit Song from HIMYM
386
2.33
Television
Mar 3, 2010
Germany - Serbia 2010 Yellow Cards
103
2.00
Sports
Jun 18, 2010
Go to Creator's Profile
Score Distribution
Quiz Creator Spotlight
tkegameboy
Follow
Send a Message
Quizzes Created
-
Created Quiz Play Count
-
More By This Creator
Popular Quizzes Today
1
Colored Red Africa Blitz
2
Find the 'City' Movie
3
5x2 Blitz: Bands
4
Find the US States - No Outlines Minefield
5
The Countries of the World
6
Find the US States
7
US States
8
Find the Countries of Europe - No Outlines Minefield
More Television Quizzes
A-Z Characters: 1970s Cartoons
Curator's Pick
Trending Quizzes
Colored Red Europe Blitz I
Colored Red Africa Blitz II
Colored Red Europe Blitz II
Colored Red Africa Blitz III
Colored Red Europe Blitz III
Recently Updated
How Do You Spell That?
pecheneg
Godzilla Movies
pecheneg
Grab Bag: 4-10 Letters
pecheneg
2024 March Madness Bracket
pecheneg
Famous TV Couples
Peacemaker
Champions League XIs: Real Madrid
pecheneg
Largest US Cities 1790-2010
pecheneg
Rides in Walt Disney World
pecheneg
Most Oscar Losses (Acting)
pecheneg
Beyoncé Albums
pecheneg
Trending Topics
Crossword
Harry Potter
NBA
Anime
Marvel
Kpop
Disney
Puzzle
NFL
Pokémon
The Office
Country
Song
WWE
Soccer
Your Account Isn't Verified!
In order to create a playlist on Sporcle, you need to verify the email address you used during registration. Go to your
Sporcle Settings
to finish the process.
Report this User
Report this user for behavior that violates our
Community Guidelines
.
Details:
Send Report
Go to the Sporcle.com Mobile Site →
Comments